000 00315nam a22001217a 4500
008 181023b xxu||||| |||| 00| 0 eng d
041 _aeng
080 _a371
100 _a46
101 _aEDU
245 _aClassroom Practices in Teaching English 1977-1978: Teaching the Basics-Really!
_cClapp,O
942 _2udc
_cBK
999 _c50747
_d50747